MARC

LEADER 00000nam0a2200000 4500
001 22687
005 20231030194832.0
010 |a 588149055X 
035 |a (RuTPU)RU\TPU\book\22900 
035 |a BOOK00022972 
090 |a 22687 
100 |a 20011209d2000 m y0rusy50 ca 
101 0 |a rus 
102 |a RU 
105 |a y z 000zy 
200 1 |a Введение в российскую деловую культуру  |f П. Н. Шихирев  |g Государственный университет управления (ГУУ) ; Национальный фонд подготовки кадров 
210 |a Москва  |c Новости  |d 2000 
215 |a 200 с. 
610 1 |a психология 
610 1 |a экономика 
610 1 |a культура 
610 1 |a деловая культура 
610 1 |a Россия 
686 |a Ю949.3  |v LBC/SL-A  |2 rubbk 
700 1 |a Шихирев  |b П. Н.  |g Петр Николаевич 
712 0 2 |a Государственный университет управления (ГУУ)  |c (Москва)  |c (1998- )  |2 stltpush  |3 (RuTPU)RU\TPU\col\23 
712 0 2 |a Национальный фонд подготовки кадров  |2 stltpush  |3 (RuTPU)RU\TPU\col\4425 
801 0 |a RU  |b 63413507  |c 20011209  |g PSBO 
801 2 |a RU  |b 63413507  |c 20121008  |g PSBO 
900 |a Психология 
942 |c BK